Krátke dejiny novovekej filozofie od Descarta po Wittgensteina /

Salvato in:
Dettagli Bibliografici
Autore principale: Scruton, Roger (Autore)
Natura: Libro
Lingua:slovacco
Pubblicazione: Bratislava : Archa, 1991
Edizione:1.vyd.
Tags: Aggiungi Tag
Nessun Tag, puoi essere il primo ad aggiungerne!!

MARC

LEADER 00000nam a22000003a 4500
001 stu829
005 20150617225618.4
008 911126s1991----cs------------------slo-d
020 |a 807115-023-1^ 
040 |a STU  |b slo 
041 0 |a slo 
044 |a cs 
080 |a 1(09)"654" 
100 1 |a Scruton, Roger  |4 aut 
245 1 |a Krátke dejiny novovekej filozofie od Descarta po Wittgensteina /  |c [aut.] Scruton,Roger 
250 |a 1.vyd. 
260 |a Bratislava :  |b Archa,  |c 1991 
300 |a 445 s 
996 |b E75416  |c R*75416  |l RRUM  |s A  |a 24  |w stu829_0001 
996 |b 284EK07325  |c E*75632  |l EE01  |s A  |a 24  |w stu829_0002